00381nam a2200157Ia 4500003000500000008004100005020002200046040001900068082000700087100002200094245004000116260003700156300001000193365000800203546001200211STCL230729s9999 xx 000 0 und d a9788131600931qHB aSTCLcSTCLbEN 222 aGarvin, Charles D 0aHandbook of social work with groups bRawat PublicationsaJaipurc2007 a527 p b995 aEnglish